Rolling Stone's 50 Greatest Metal Albums of All Time - Statistics

General Stats
  • This quiz has been taken 18 times
  • The average score is 22 of 50
Answer Stats
Band Song % Correct
2 Metallica Master of Puppets
100%
1 Black Sabbath Paranoid
94%
21 Metallica And Justice for All
88%
5 Black Sabbath Black Sabbath
82%
25 Metallica Metallica
82%
11 Metallica Ride the Lightning
82%
4 Iron Maiden Number of the Beast
71%
38 Iron Maiden Powerslave
71%
27 System of a Down Toxicity
71%
30 Korn Korn
65%
26 Alice in Chains Dirt
59%
13 Iron Maiden Iron Maiden
59%
35 Metallica Kill Em All
59%
24 Rage Against the Machine Rage Against the Machine
59%
6 Slayer Reign in Blood
59%
10 Pantera Vulgar Display of Power
59%
3 Judas Priest British Steel
53%
16 Dio Holy Diver
53%
19 Megadeth Rust in Peace
53%
23 Danzig Danzig
47%
50 Slipknot Iowa
47%
44 Motley Crue Shout at the Devil
47%
39 Pantera Far Beyond Driven
41%
37 Black Sabbath Heaven and Hell
41%
34 Black Sabbath Master of Reality
41%
8 Megadeth Peace Sells ... But Who's Buying?
41%
18 Tool Aenima
35%
20 Anthrax Among the Living
35%
33 Megadeth Countdown to Extinction
35%
15 Ozzy Osbourne Diary of a Madman
35%
32 Black Sabbath Sabotage
35%
12 Judas Priest Screaming for Vengeance
35%
31 Slayer Seasons in the Abyss
35%
47 Slayer South of Heaven
35%
9 Ozzy Osbourne Blizzard of Ozz
29%
14 Black Sabbath Vol. 4
29%
29 Sepultura Chaos A.D.
24%
46 Mastodon Leviathan
24%
22 Motley Crue Too Fast for Love
24%
36 Van Halen Women and Children First
24%
45 Exodus Bonded by Blood
18%
17 Mercyful Fate Melissa
18%
43 Judas Priest Stained Class
18%
42 Diamond Head Lightning to the Nations
12%
28 Celtic Frost Morbid Tales
12%
7 Motorhead No Remorse
12%
48 Rainbow Rising
12%
41 Kyuss Blues for the Red Sun
6%
40 Mayhem De Mysteriis Dom Sathanas
6%
49 Neurosis Through Silver in Blood
6%
No matching quizzes found
Score Distribution
Percent of People with Each Score
Percentile by Number Answered
Your Score History
You have not taken this quiz